| 000 | 00611nam a22001937a 4500 | ||
|---|---|---|---|
| 005 | 20230127081001.0 | ||
| 008 | 230127b |||||||| |||| 00| 0 eng d | ||
| 020 | _a978-1-350006358-7 | ||
| 082 | _a808.0014 H996 2019 | ||
| 100 |
_aHyland, Ken _eauthor |
||
| 245 |
_aMetadiscourse: _bexploring interaction in waiting / _cKen Hyland |
||
| 260 |
_aLondon: _bBloomsbury Academic, _cc2019 |
||
| 300 |
_axv, 279p.: _bill. |
||
| 490 | _aBloomsbury classics in linguistics | ||
| 504 | _aIncludes bibliographical references and index | ||
| 541 | _e6507 | ||
| 650 | _aDiscourse analysis - Rhetoric | ||
| 650 | _aAuthorship | ||
| 999 |
_c719 _d719 |
||